00394nam a2200157Ia 4500003000400000005001700004008004100021020001500062040000900077082001800086100001800104245004800122250001200170260004500182300000900227OSt20200706101945.0190216s9999||||xx |||||||||||||| ||und|| a0198217021 coclc a942.06bCLA/L aClark, George 4aThe Later Stuarts 1660-1714 /cGeorge Clark a2nd Ed. bOxford University Press,aLondon:c1976. a479p